[Event "TUR-chT 2nd League"]
[Site "Konya"]
[Date "2022.08.24"]
[Round "4.14"]
[White "Bek, Emir"]
[Black "Yilmaz, Cumhur"]
[Result "1-0"]
[WhiteElo "1831"]
[BlackElo "1708"]
[PlyCount "121"]
[EventDate "2022.08.22"]
[EventType "team-swiss"]
[EventRounds "9"]
[EventCountry "TUR"]
[SourceTitle "CBM 210 Extra"]
[Source "ChessBase"]
[SourceDate "2022.11.30"]
[SourceVersion "1"]
[SourceVersionDate "2022.11.30"]
[SourceQuality "1"]
[WhiteTeam "Gulbahcesi Egitim"]
[BlackTeam "Altin Hamle Corum"]
[WhiteTeamCountry "TUR"]
[BlackTeamCountry "TUR"]

1. d4 d5 2. Nf3 Nf6 3. c4 c6 4. Nc3 e6 5. Bg5 Nbd7 6. e3 Qa5 7. Bxf6 Nxf6 8. Bd3 dxc4 9. Bxc4 b5 10. Bd3 Nd5 11. 0-0 Nxc3 12. bxc3 Qxc3 13. Ne5 Bd6 14. Bxb5 0-0 15. Rc1 Qa5 16. Bxc6 Ba6 17. Nc4 Bxc4 18. Rxc4 Rac8 19. Qc2 g6 20. g3 Rc7 21. e4 Rb8 22. Rd1 Qa3 23. Rd3 Qb2 24. Rb3 Rxb3 25. axb3 Qxc2 26. Rxc2 a5 27. f4 f5 28. e5 Bb4 29. d5 Kf8 30. d6 Rc8 31. Rc4 Ba3 32. Kf2 h6 33. Ke3 g5 34. h3 Kf7 35. Kd4 Bb4 36. Ke3 Ba3 37. Ke2 Bb4 38. Kf3 Bd2 39. Rc2 Be1 40. g4 Rb8 41. Ba4 Rb4 42. Rc7+ Kf8 43. Rc8+ Kf7 44. d7 Rxf4+ 45. Kg2 Rf2+ 46. Kg1 Rd2 47. d8Q Rxd8 48. Rxd8 Bc3 49. Rd7+ Kf8 50. gxf5 exf5 51. e6 Bb4 52. Rf7+ Kg8 53. Rxf5 g4 54. hxg4 h5 55. Rxh5 Kg7 56. Rf5 Kg6 57. Be8+ Kh6 58. g5+ Kg7 59. Bh5 a4 60. bxa4 Ba3 61. e7 1-0

[Event "TUR Cup"]
[Site "Antalya"]
[Date "2020.01.30"]
[Round "7"]
[White "Yilmaz, Cumhur"]
[Black "Selvi, Kaan"]
[Result "1/2-1/2"]
[WhiteElo "1719"]
[BlackElo "1907"]
[PlyCount "81"]
[EventDate "2020.01.26"]
[EventType "swiss"]
[EventRounds "11"]
[EventCountry "TUR"]
[SourceTitle "CBM 194 Extra"]
[Source "ChessBase"]
[SourceDate "2020.03.31"]
[SourceVersion "1"]
[SourceVersionDate "2020.03.31"]
[SourceQuality "1"]

1. d4 Nf6 2. Nf3 c5 3. d5 g6 4. c4 d6 5. Nc3 Bg7 6. e4 0-0 7. Be3 e6 8. Be2 Na6 9. h3 Nc7 10. e5 dxe5 11. Bxc5 Re8 12. d6 Na6 13. Ba3 e4 14. Nd2 Qa5 15. Qa4 Qxa4 16. Nxa4 b6 17. b4 e3 18. fxe3 Nd5 19. Rc1 Ndxb4 20. c5 bxc5 21. Nxc5 Rd8 22. d7 Rxd7 23. Nxd7 Bxd7 24. Bxa6 Nxa6 25. Kf2 Bb5 26. Rhd1 Re8 27. Ne4 Ba4 28. Rd6 Nb8 29. Rc4 Bb5 30. Rc2 Nd7 31. Rc7 Nb6 32. Rc5 Ba4 33. Rd2 f5 34. Nc3 Bd7 35. Bb2 Rb8 36. Rc7 Be5 37. Rxa7 Bc6 38. Ra6 Nc4 39. Rc2 Nxb2 40. Rxc6 Nd3+ 41. Ke2 1/2-1/2

[Event "TUR Cup"]
[Site "Antalya"]
[Date "2019.01.30"]
[Round "6"]
[White "Hereklioglu, Sude"]
[Black "Yilmaz, Cumhur"]
[Result "1-0"]
[WhiteElo "1951"]
[BlackElo "1676"]
[PlyCount "120"]
[EventDate "2019.01.27"]
[EventType "swiss"]
[EventRounds "11"]
[EventCountry "TUR"]
[SourceTitle "CBM 188 Extra"]
[Source "ChessBase"]
[SourceDate "2019.02.26"]
[SourceVersion "1"]
[SourceVersionDate "2019.02.26"]
[SourceQuality "1"]

1. d4 d5 2. Nf3 Nf6 3. g3 Bg4 4. Bg2 Bxf3 5. Bxf3 e6 6. c4 c6 7. Qb3 Qb6 8. c5 Qxb3 9. axb3 Nbd7 10. Nc3 e5 11. e3 g6 12. b4 Bg7 13. b5 exd4 14. exd4 0-0 15. Be3 Rfe8 16. 0-0 Ne4 17. bxc6 bxc6 18. Nxe4 dxe4 19. Be2 a5 20. Ra3 Reb8 21. b3 Rb4 22. Bc4 a4 23. Rfa1 Nxc5 24. dxc5 Bxa1 25. Rxa1 a3 26. Ra2 Rb7 27. g4 h5 28. g5 Kf8 29. Kg2 Ke7 30. Kg3 f5 31. gxf6+ Kxf6 32. Kf4 g5+ 33. Kxe4 Rd7 34. Bd4+ Kg6 35. Bc3 g4 36. f4 Rd1 37. f5+ Kg5 38. b4 h4 39. Be6 Rf1 40. b5 cxb5 41. c6 Ra7 42. Bd4 Rc7 43. Kd5 Rd1 44. f6 Rxd4+ 45. Kxd4 Kxf6 46. Bd5 b4 47. Kc5 Ke7 48. Re2+ Kd8 49. Kxb4 g3 50. hxg3 hxg3 51. Kxa3 Rg7 52. Kb4 Kc7 53. Kc5 Rh7 54. Rb2 Rh5 55. Rb7+ Kc8 56. Rg7 g2 57. Kd6 Rh8 58. Be6+ Kb8 59. c7+ Ka8 60. Bd5+ Ka7 1-0